La Francia burguesa / (Record no. 107514)

MARC details
000 -LEADER
campo de control de longitud fija 00707nam a2200217 4500
001 - NÚMERO DE CONTROL
campo de control 107514
003 - IDENTIFICADOR DE NÚMERO DE CONTROL
campo de control ES-MaACL
005 - FECHA Y HORA DE LA ÚLTIMA TRANSACCIÓN
campo de control 20250829074603.0
007 - CAMPO FIJO DE DESCRIPCIÓN FÍSICA--INFORMACIÓN GENERAL
campo de control de longitud fija t|
008 - DATOS DE LONGITUD FIJA--INFORMACIÓN GENERAL
campo de control de longitud fija 061121s1967 sp r ||||1| spa d
100 1# - ENTRADA PRINCIPAL--NOMBRE DE PERSONA
Nombre de persona Morazé, Charles.
9 (RLIN) 83176
245 13 - MENCIÓN DEL TÍTULO
Título La Francia burguesa /
Mención de responsabilidad, etc. Charles Morazé, prefacio de Lucien Febvre; traducción Beatriz de Moura.
260 ## - PUBLICACIÓN, DISTRIBUCIÓN, ETC.
Lugar de publicación, distribución, etc. Barcelona :
Nombre del editor, distribuidor, etc. Lumen,
Fecha de publicación, distribución, etc. 1967.
300 ## - DESCRIPCIÓN FÍSICA
Extensión 275 p. ;
Dimensiones 19.
490 1# - MENCIÓN DE SERIE
Mención de serie Palabra en el tiempo ;
Designación de volumen o secuencia 12
700 1# - ENTRADA AGREGADA--NOMBRE PERSONAL
Nombre de persona Febvre, Lucien,
Fechas asociadas al nombre 1878-1956
9 (RLIN) 49047
700 1# - ENTRADA AGREGADA--NOMBRE PERSONAL
Nombre de persona Moura, Beatriz de,
Fechas asociadas al nombre 1939-
9 (RLIN) 83880
830 0# - PUNTO DE ACCESO ADICIONAL DE SERIE-TÍTULO UNIFORME
Título uniforme Palabra en el tiempo ;
Designación de volumen o secuencia 12
9 (RLIN) 177857
852 ## - LOCALIZACIÓN
Ubicación ES-MaACL
Número de control de estantería C-32906
Sublocalización o colección R.62959
Holdings
Estatus retirado Estado de pérdida Estado de daño No para préstamo Biblioteca de origen Biblioteca actual Ubicación en estantería Fecha de adquisición Fuente de adquisición Total de préstamos Signatura topográfica completa Código de barras Visto por última vez Precio de reemplazo Tipo de ítem Koha
        Biblioteca del Ateneo de Madrid Biblioteca del Ateneo de Madrid Depósito 2 17/01/2008     C-32906 1112206 23/02/2023 23/02/2023 Libro impreso